000 00586nam a2200229Ia 4500
003 OSt
005 20221007071910.0
006 a|||||r|||| 00| 0
007 ta
008 221006b |||||||| |||| 00| 0 eng d
024 _a24,946
037 _cTextual
040 _aFLL
_cFLL
_beng
041 _2eng
_aeng
082 _aZ33wM73, J3
100 _aMacmillan
_9689641
245 0 _aMan of law's tale
260 _aLondon
_bMacmillan & Co. Ltd. UK
_c1953
300 _aviii,378p
_ccm.
942 _hZ33wM73, J3
_cTEXL
_2CC
999 _c1144610
_d1144610